Figures de l'identité : naissance et destin des modèles communautaires dans le monde romain /

Guardado en:
Otros Autores: Blandenet, Maëlys, dir., Chillet, Clément, dir., Courrier, Ciryl, dir.
Formato: Libro
Publicado: Lyon : Ens, 2010
Materias:
Etiquetas: Agregar Etiqueta
Sin Etiquetas, Sea el primero en etiquetar este registro!
LEADER 00767nam a22002175a 4500
001 EHU.bham041647
003 AR-BHAM
005 20120808132009.0
008 130507s2010##################000#0#####d
020 |a 9782847882193 
082 9 3 |a 937 
245 0 0 |a Figures de l'identité :  |b naissance et destin des modèles communautaires dans le monde romain /  |c  Sous La Direction De Maëlys Blandenet, Clément Chillet, Ciryl Courrier 
260 |a Lyon :  |b Ens,  |c 2010 
300 |a 350 p. 
653 |a Roma-historia de 
653 |a Roma-identidad colectiva 
653 |a Roma-historia de-sociología 
700 1 |a Blandenet, Maëlys, dir. 
700 1 |a Chillet, Clément, dir. 
700 1 |a Courrier, Ciryl, dir. 
859 |a AR-BHAM  |b BIB. HUMANIDADES - General  |h 937  |i F469  |p 164.12  |t Ej.1